Services and quality (Record no. 25428)

000 -LEADER
fixed length control field 00403pab a2200157 454500
008 - FIXED-LENGTH DATA ELEMENTS--GENERAL INFORMATION
fixed length control field 180718b xxu||||| |||| 00| 0 eng d
100 ## - MAIN ENTRY--PERSONAL NAME
Personal name Lingaraj B.P.
245 ## - TITLE STATEMENT
Title Services and quality
362 ## - DATES OF PUBLICATION AND/OR SEQUENTIAL DESIGNATION
Dates of publication and/or sequential designation 18(4), Oct 93, p.207-15
650 ## - SUBJECT ADDED ENTRY--TOPICAL TERM
Topical term or geographic name entry element Quality Control Management
650 ## - SUBJECT ADDED ENTRY--TOPICAL TERM
Topical term or geographic name entry element Management
700 ## - ADDED ENTRY--PERSONAL NAME
Personal name Chary S.N.
700 ## - ADDED ENTRY--PERSONAL NAME
Personal name Karim A.P.
773 ## - HOST ITEM ENTRY
Main entry heading Management and Labour Studies
909 ## -
-- 25428
Holdings
Withdrawn status Lost status Damaged status Not for loan Permanent Location Current Location Date acquired Barcode Date last seen Price effective from Koha item type
        Indian Institute of Public Administration Indian Institute of Public Administration 2018-07-19 AR25500 2018-07-19 2018-07-19 Articles

Powered by Koha